02183nam a2200421 a 4500003000500000005001700005007000300022008004100025020002200066040002300088050002200111082002600133100005100159245005300210250001800263264003200281300007000313336002700383337002700410338002800437490004200465504003800507505010200545520043800647650003901085650003101124650002601155650004101181650003101222650002801253650002201281650003401303830005001337942001501387999001901402952017001421952017001591CHAP20230421182828.0ta230421s2020 spaado|fr|||| 001 0 spa d a978-84-16383-60-3 amxchpuacCHAPerda10aHD31.2b.S26 202000a658.403bS26 20202201 9186739aSanta Cruz Chao, José Manueleautor 10aMás empresas / cJosé Manuel Santa Cruz Chao a1a edición  aEspaña : bDELTA , c2020 axvi, 155 páginas : bilustraciones, gráficas, tablas y fotos  2rdacontentatextobtxt 2rdamediaasin mediobn 2rdacarrieravolumenbnc1 aInnovación Docente y TIC (DELTA)v9 aBibliografía: páginas 153-1560 aLa dirección de mercadotecnia. -- La dirección de producción. -- La dirección financiera.2 aEste libro trata, a modo de sencilla guía, de llevarnos y adentrarnos en el mundo de la empresa y hace posible que entendamos la transformación de la materia prima, la posibilidad de endeudamiento y la capacidad de convencer a los compradores de que nuestro producto es el mejor y el que les interesa. Sus contenidos más concretos son: La dirección de mercadotecnia. La dirección de producción. La dirección financiera.139186494aPlanificación financiera179113662aToma de decisiones139148164aMercadotecnia139146311aTecnología de producción139186496aFinancial planning139152738aDecision making139148134aMarketing139186752aProduction technology 09186750aInnovación Docente y TIC (DELTA)n9 2ddccLibro c218613d218613 00102ddc4051708GRALaIA_bIA_d2021-12-16eCompra Carvann Books F. C 22iConsumol0o658.403 S26 2020p1102014659r2023-04-21 00:00:00tEj. 1w2023-04-21yLIBRO 00102ddc4055708GRALaIA_bIA_d2021-12-16eCompra Carvann Books F. C 22iConsumol0o658.403 S26 2020p1102014660r2023-04-21 00:00:00tEj. 2w2023-04-21yLIBRO